000 00949nam a2200241Ia 4500
003 OSt
005 20210510103617.0
008 210310s1973 sp gr 000 0 spa d
040 _aCO-JMCR
_cCO-JMCR
041 1 _aspa
_heng
082 0 4 _a330.9172 /
_bA261e
_223
100 1 _aAgarwala, A.N.,
_eautor
_926116
245 0 _aLa economía del subdesarrollo /
_cA. N. Agarwala, S. P. Singh ; traducción de Juan Gerona Peña
260 _aMadrid, España :
_bTecnos,
_c1973.
300 _a412 páginas ;
_c23 cm.
501 _aCon: notas a pie de páginas.
505 0 _aModos de abordar el problema del subdesarrollo. -- El contexto histórico. -- El contexto teórico. -- Economías externas y crecimiento equilibrado.
650 1 4 _aSubdesarrollo económico.
_937491
650 2 4 _aContexto histórico
_xEconómico
_937492
700 1 _aSingh, S. P.,
_eautor
_937493
700 1 _aGerona Peña, Juan,
_etraductor
_937494
942 _2ddc
_cBK
999 _c11661
_d11661